000 00991nam a2200289Ia 4500
003 OSt
005 20220923210954.0
006 a|||||r|||| 00| 0
007 ta
008 220922b |||||||| |||| 00| 0 hin d
020 _a812631222x (hbk)
_c100
024 _a284,898
037 _b31, 14/03/2015, P. K. Books
_cTextual
040 _aARTS
_cARTS
_bhin
041 _2hin
_ahin
082 _aO152,3N473,GK, Q0
100 _aसंजीव
_9156695
245 0 _aगुफा का आदमी
246 _aGufā kā ādamī
250 _a2 संस्करण
260 _aनयी दिल्ली
_b भारतीय ज्ञानपीठ
_c2010
300 _a120पृ.
_ccm.
490 _aलोकोदय ग्रन्थमाला; ग्रन्थांक 821
650 _aहिन्दी कहानी
942 _hO152,3N473,GK, Q0
_cTEXL
_2CC
999 _c293334
_d293334